000 01028nam a2200265Ia 4500
003 OSt
005 20221005111036.0
006 a|||||r|||| 00| 0
007 ta
008 221004b |||||||| |||| 00| 0 hin d
020 _a818361048X (hbk)
_c125
024 _a21197
037 _bBR8404, 21/03/2015, Rajkamal Prakashan Pvt. Ltd.
_cTextual
040 _aCRL
_cCRL
_bhin
041 _2hin
_ahin
082 _aO152,8N48x, P6
100 _aपचौरी, सुधीश
245 0 _aबिंदास बाबू की डायरी
_b बीबीसी पर प्रसारित
246 _aBiandās bābū kī ḍāyarī: bībīsī par prasārita
260 _aनई दिल्ली
_bराधाकृष्ण भारत
_c2006
300 _a102पृ0
_ccm.
650 _aहिन्दी साहित्य
942 _hO152,8N48x, P6
_cTEXL
_2cc
999 _c1020635
_d1020635